HUMAN RESOURCE INFORMATION SYSTEMS BASIC (Record no. 23242)

MARC details
000 -LEADER
fixed length control field 00388nam a2200145Ia 4500
008 - FIXED-LENGTH DATA ELEMENTS--GENERAL INFORMATION
fixed length control field 240624s9999 xx 000 0 und d
041 ## - LANGUAGE CODE
Language code of text/sound track or separate title eng
082 ## - DEWEY DECIMAL CLASSIFICATION NUMBER
Classification number 658.3 KAV
100 ## - MAIN ENTRY--PERSONAL NAME
Personal name KAVANAGH MICHAEL J
245 ## - TITLE STATEMENT
Title HUMAN RESOURCE INFORMATION SYSTEMS BASIC
250 ## - EDITION STATEMENT
Edition statement (3rd ed.)
260 ## - PUBLICATION, DISTRIBUTION, ETC.
Date of publication, distribution, etc. 2015
Place of publication, distribution, etc. London
Name of publisher, distributor, etc. Sage International
300 ## - PHYSICAL DESCRIPTION
Extent xxviii, : 640 : p. : cm. ; 23
365 ## - TRADE PRICE
Currency code
Price amount 38
Holdings
Withdrawn status Lost status Damaged status Not for loan Home library Current library Shelving location Date acquired Source of acquisition Cost, normal purchase price Full call number Barcode Date last seen Copy number Price effective from Koha item type
        IMTN IMTN Rack 24-B 09/29/2014 RW 73.00 658.3 KAV 23242 06/24/2024 64.2 06/24/2024 Books
Designed & Maintained by: LRC IMT Nagpur Contact: lrc@imtnag.ac.in© 2024. All Rights Reserved.